000 00709nam a2200241 a 4500
005 20200104041615.0
008 160121b2004 xxu||||gr|||| 00| 0 spa d
020 _a9292250221
040 _aCO-BoIAVH
_cCO-BoIAVH
041 _aspa
082 4 _a333.72
_bS44p
090 _aLB
_b05632
110 2 _bSecretaría del Convenio sobre la Biodiversidad Biológica
245 1 _aPrograma de trabajo sobre Áreas Protegidas
260 _aMontreal
_bCDB
_c2004
300 _a32 paginas.
_c25 x 17 cm.
650 4 _aRecursos geneticos
650 4 _aConservacion
650 4 _aDiversidad biologica
650 4 _aÁreas protegidas
942 _cLIBRO
_2ddc
945 _d2009-11-04
999 _c7181
_d7181